000
00275nam a2200109Ia 4500
001
588905
005
20250717120839.0
008
250717s9999 xx 000 0 und d
245
0
_a
Y-7 KİMYANIN DEHASI RAZİ
_c
SÜHEYLA SANCAR
260
_b
ERDEM YAYINLARI
_c
2018
300
_b
79
999
_c
588905
_d
588905